000 00683cam a22002413a 4500
001 14191
003 PGUSA
005 20140828083314.0
008 041128s2004||||xxu|||||s|||||000 | eng d
040 _aPGUSA
_beng
042 _adc
050 4 _aPR
100 1 _aBesant, Walter,
_d1836-1901
245 1 0 _aAs We Are and As We May Be
_h[electronic resource] /
_cWalter Besant
260 _bProject Gutenberg,
_c2004
506 _aPublic domain in the USA.
516 _aElectronic text
653 _aSocial problems
653 _aUnited States -- Description and travel
830 0 _aProject Gutenberg
_v14191
856 4 0 _uhttp://www.gutenberg.org/ebooks/14191
942 _cEB
999 _c243446
_d243446